000 00683nam a2200217Ii 4500
003 JO-AjNU
008 230605s9999||||xx |||||||||||||| ||und||
017 _a78/1919
020 _a977-286-1-3-8
040 _aJO-AjNU
_bara
_erda
_cJO-AjNU
041 _aara
050 1 4 _aLB1570.F7 1978
100 3 _aعبد النور، فرنسيس,
_eauthor
_934889
245 0 0 _aالتربية والمناهج
264 3 1 _aالقاهرة:دار نهضة مصر للطباعة والنشر،1978
300 _a415ص
336 _atext
_btxt
_2rdacontent
337 _aunmediated
_bn
_2rdamedia
338 _avolume
_bnc
_2rdacarrier
650 4 _aتربية-مناهج تربوية
_934890
999 _aA14349
_c17917
_d17917